Physical education for elementary school children / (Record no. 13445)
[ view plain ]
| 000 -LEADER | |
|---|---|
| fixed length control field | 00523cam a2200181 a 4500 |
| 020 ## - INTERNATIONAL STANDARD BOOK NUMBER | |
| ISBN | 0697152480 |
| 040 ## - CATALOGING SOURCE | |
| Transcribing agency | DLC |
| 082 00 - DEWEY DECIMAL CLASSIFICATION NUMBER | |
| Classification number | 372 BRO 1995 A011 Or. |
| 100 1# - MAIN ENTRY--AUTHOR NAME | |
| Personal name | Kirchner, Glenn. |
| 245 10 - TITLE STATEMENT | |
| Title | Physical education for elementary school children / |
| 250 ## - EDITION STATEMENT | |
| Edition statement | 9th ed. |
| 260 ## - PUBLICATION, DISTRIBUTION, ETC. (IMPRINT) | |
| Place of publication | Madison, Wis. : |
| Name of publisher | Brown & Benchmark, |
| Year of publication | c1995. |
| 300 ## - PHYSICAL DESCRIPTION | |
| Number of Pages | xv, 620 p. : |
| Other physical details | ill. ; |
| Dimensions | 29 cm. |
| 650 #0 - SUBJECT ADDED ENTRY--TOPICAL TERM | |
| Topical Term | Physical education for children. |
| 650 #0 - SUBJECT ADDED ENTRY--TOPICAL TERM | |
| Topical Term | Physical education for children |
| 700 1# - ADDED ENTRY--PERSONAL NAME | |
| Personal name | Fishburne, Graham J. |
| 942 ## - ADDED ENTRY ELEMENTS (KOHA) | |
| Koha item type | សៀវភៅភាសាអង់គ្លេស |
| 952 ## - LOCATION AND ITEM INFORMATION (KOHA) | |
| Withdrawn status [LOCAL, KOHA] | 0 |
| Permanent Location | Date acquired | Koha item type | Lost status | Shelving location | Barcode | Current Location | Full call number |
|---|---|---|---|---|---|---|---|
| Library Block A | 2017-08-26 | សៀវភៅភាសាអង់គ្លេស | A064 | A15601 | Library Block A | 372 BRO 1995 A064 Or. |